000
00325 a2200157 4500
001
174778
020
_a
040
_c
Magnum
100
_a
Prieto, Heloisa
240
1
0
_a
A carta do pirata
_l
por
245
1
0
_a
A carta do pirata
362
0
_a
1899
440
1
_a
Scipione
697
_a
IJ/AVENTURA, CRIANCAS
942
_c
BK
999
_c
174778
_d
174778